| 000 | 03300njm a2200553Ia 4500 | ||
|---|---|---|---|
| 001 | 24270 | ||
| 003 | IT-RoPAU | ||
| 005 | 20220918181156.0 | ||
| 008 | 131025s9999 xx 000 0 und d | ||
| 040 | _aIT-RoPAU | ||
| 040 | _cIT-RoPAU | ||
| 999 |
_c102550 _d102550 |
||
| 999 | _bn.d. | ||
| 100 |
_aAA.VV. _9794 |
||
| 100 |
_eAutore musica _99913 |
||
| 100 |
_gCodice autore musica SPICS: 12000 _9796 |
||
| 245 | _aItalia romantica | ||
| 250 | _a1a ed. | ||
| 260 | _aITALIA | ||
| 260 |
_bEMI - LA VOCE DEL PADRONE _c1966 [1a Ed.:1966 - Ed. Lingua Orig.: 1966] |
||
| 300 | _aDISCO | ||
| 300 | _c29 minuti (Testo: pag.) | ||
| 500 | _aArrangiamento di brani di musica leggera e popolare italiana. | ||
| 505 | _aTornerai (3:00) - Grazie dei fiori (3:00) - Anema e core (3:00) - Addormentarmi così (3:00) - Fiorin fiorello (2:00) - Ciribiribin (2:00) - Arrivederci Roma (3:00) - Come sinfonia (3:00) - 'O sole mio (3:00) - Chitarra romana (3:00) - Concerto d'autunno (3:00) - Piove (3:00) | ||
| 511 | _aFranck Pourcel e la sua Grande Orchestra | ||
| 650 |
_aARRANGIAMENTO [DISCHI] _eCodice MATERIA SPICS: 9950 _99914 |
||
| 700 |
_aPourcel Franck _gCodice interprete SPICS: 11079 _eInterprete _99915 |
||
| 700 |
_aOlivieri Dino _gCodice autore musica SPICS: 13481 _eAutore musica _pTornerai _99916 |
||
| 700 |
_aRastelli Nino _gCodice autore SPICS: 13482 _eAutore _pTornerai _99917 |
||
| 700 |
_aPanzeri Mario _gCodice autore musica SPICS: 13372 _eAutore musica _pGrazie dei fiori _99918 |
||
| 700 |
_aTestoni Giancarlo _gCodice autore SPICS: 13524 _eAutore _pGrazie dei fiori _99919 |
||
| 700 |
_aSeracini Saverio _gCodice autore testo/musica SPICS: 13607 _eAutore testo/musica _pGrazie dei fiori _99920 |
||
| 700 |
_aD'Esposito S. _gCodice autore musica SPICS: 14017 _eAutore musica _pAnema e core _99921 |
||
| 700 |
_aManlio Tito _gCodice autore SPICS: 13497 _eAutore _pAnema e core _99922 |
||
| 700 |
_aMascheroni Vittorio _gCodice autore musica SPICS: 13134 _eAutore musica _pAddormentarmi così - Fiorin fiorello _99923 |
||
| 700 |
_aBiri (Ferrari Ornella) _gCodice autore SPICS: 13608 _eAutore _pAddormentarmi così _99924 |
||
| 700 |
_aMendes Peppino _gCodice autore SPICS: 13135 _eAutore _pFiorin fiorello _99925 |
||
| 700 |
_aPestalozza Alberto _gCodice autore musica SPICS: 13387 _eAutore musica _pCiribiribin _99926 |
||
| 700 |
_aGiovannini Sandro _gCodice autore musica SPICS: 13634 _eAutore musica _pArrivederci Roma _99927 |
||
| 700 |
_aGarinei Pietro _gCodice autore SPICS: 13576 _eAutore _pArrivederci Roma _99928 |
||
| 700 |
_aRascel Renato _gCodice autore testo/musica SPICS: 13602 _eAutore testo/musica _pArrivederci Roma _99929 |
||
| 700 |
_aDonaggio Pino _gCodice autore musica SPICS: 13658 _eAutore musica _pCome sinfonia _99930 |
||
| 700 |
_aCapurro Giovanni _gCodice autore musica SPICS: 13137 _eAutore musica _p'O sole mio _99931 |
||
| 700 |
_aDi Capua Edoardo _gCodice autore SPICS: 13138 _eAutore _p'O sole mio _99932 |
||
| 700 |
_aDi Lazzaro Eldo _gCodice autore musica SPICS: 13500 _eAutore musica _pChitarra romana _99933 |
||
| 700 |
_aBruno C. _gCodice autore SPICS: 13502 _eAutore _pChitarra romana _99934 |
||
| 700 |
_aBargoni _gCodice autore musica SPICS: 15602 _eAutore musica _pConcerto d'autunno _99935 |
||
| 700 |
_aModugno Domenico _gCodice autore musica SPICS: 12142 _eAutore musica _pPiove _99936 |
||
| 942 |
_cMD _2ddc |
||